Indovina la nazione dal giocatore - Milan - Statistics

Statistiche generali
  • Questo quiz è stato fatto 449 volte
    203 dall'ultimo reset
  • Il punteggio medio è 13 su 14
Statistiche sulle risposte
con Immagini Risposta % Corretto
Francia
99%
Italia
99%
Svezia
97%
Portogallo
95%
Danimarca
94%
Regno Unito
94%
Algeria
90%
Marocco
90%
Belgio
89%
Croazia
89%
Romania
87%
Brasile
85%
Stati Uniti
84%
Bosnia ed Erzegovina
68%
Nessun quiz corrispondente trovato
Distribuzione punteggi
Percentuale di utenti per punteggio
Percentile per numero di risposta
I tuoi punteggi nel tempo
Non hai fatto questo quiz dall'ultimo reset